000 01505nam0a2200373 4500
001 RU\NLR\bibl\917519
005 20250614185418.0
010 _a5-9244-0032-8
_bв обл.
021 _aRU
_b2005-87567
_94334
035 _a(nilc)RSL-KNO-002812437
035 _a(NLR Aleph) 000905819
090 _a17210
_c17210
100 _a20060116d2005 |||y0rusy50 ca
101 0 _arus
102 _aRU
105 _aa |||||||||
106 _ar
200 1 _aОстеоартроз
_eэпидемиология, клиника, диагностика, лечение
_fГ.Г. Багирова, О.Ю. Майко
210 _aМосква
_cАрнебия
_d2005
_gОАО Тип. Новости
215 _a223 с.
_cил., табл.
_d21
320 _aБиблиогр.: с. 197-222 (255 назв.)
606 1 _aАртрозы
_91028199
_3RU\NLR\auth\6676325
610 0 _aЗдравоохранение. Медицинские науки -- Хирургия -- Травматология -- Деформации и функциональные нарушения конечностей -- Остеоартрозы
686 _aР458.280.40,0
_2rubbk
686 _aР418.120.40
686 _aР11(2)062.418
700 1 _aБагирова
_bГ. Г.
_gГенриетта Георгиевна
_4070
701 1 _aМайко
_bО. Ю.
_4070
801 0 _aRU
_bРКП
_c20060116
_grcr
801 1 _aRU
_bРГБ
_c20060116
801 2 _aRU
_bNLR
_c20060317
_grcr
942 _cBOOK
980 _aNB